| 000 | 00536nam a2200181Ia 4500 | ||
|---|---|---|---|
| 003 | GCL | ||
| 008 | 140319s9999 xx 000 0 ara d | ||
| 040 |
_aGCL / _cGCL |
||
| 082 | 0 | 4 |
_aم _b923.1 _bم ه |
| 100 | 1 | _aمحمد ابورحمة | |
| 245 | 1 | 0 |
_aهارون الرشيد / _cمحمد ابورحمة |
| 260 |
_a[S.N] : _bمكتبة مدبولى ، _c1993 |
||
| 300 | _a348 ص | ||
| 490 |
_aالاعمال الروائية _v0 |
||
| 650 | 0 | 4 | _aالملوك والحكام |
| 650 | 0 | 4 | _aهارون الرشيد |
| 942 |
_2ddc _cREF |
||
| 999 |
_c59436 _d59436 |
||